Americké hodnocení východoevropských reforem.

Známy americký ústav politických štúdií konzervatívneho zamerania The Heritage Foundation hodnotí doterajší priebeh transformácií ekonomík v strednej a východnej Európe podľa vybraných kritérií stupnicou A - výborne, B - dobre, C - priemerne, D - slabo. Jednotlivé krajiny sú hodnotené nasledovne: ČS...

Descrizione completa

Salvato in:
Dettagli Bibliografici
Natura: Capitolo di libro
Lingua:ceco
Soggetti:
Tags: Aggiungi Tag
Nessun Tag, puoi essere il primo ad aggiungerne!!

MARC

LEADER 00000naa a2200000 4500
001 r009690
005 20220831083506.1
041 0 |a cze 
044 |a [CS] 
245 1 0 |a Americké hodnocení východoevropských reforem. 
520 |a Známy americký ústav politických štúdií konzervatívneho zamerania The Heritage Foundation hodnotí doterajší priebeh transformácií ekonomík v strednej a východnej Európe podľa vybraných kritérií stupnicou A - výborne, B - dobre, C - priemerne, D - slabo. Jednotlivé krajiny sú hodnotené nasledovne: ČSFR - mínus B, Bulharsko - plus C, Maďarsko - B, Poľsko - mínus B, Rumunsko - mínus C. U Albánska a Juhoslávie sa hodnotenie neuvádza. 
610 2 0 |a reformy hospodárske 
610 2 0 |a východná Európa 
610 2 0 |a stredná Európa 
610 2 0 |a transformácia 
610 2 0 |a USA